Gente bem diferente (Record no. 48948)

MARC details
000 -LÍDER
campo de controle de tamanho fixo 00355 a2200157 4500
001 - NÚMERO DE CONTROLE
campo de controle 48948
020 ## - ISBN - INTERNATIONAL STANDARD BOOK NUMBER
ISBN - International Standard Book Number 85-00-62860-X
040 ## - FONTE DA CATALOGAÇÃO
Instituição que transcreveu o registro Anchieta - Bela Vista
100 ## - ENTRADA PRINCIPAL--NOME PESSOAL
Nome pessoal Machado, Ana Maria
240 10 - TÍTULO UNIFORME
Título uniforme Gente bem diferente
Idioma da obra por
245 10 - TÍTULO
Título Gente bem diferente
300 ## - DESCRIÇÃO FÍSICA
Extensão 30
362 0# - DATAS DE PUBLICAÇÃO E/OU DESIGNAÇÃO SEQUENCIAL
Datas de publicação e/ou designação sequencial 2004
650 #4 - ASSUNTO--TERMO TÓPICO
Cabeçalho tópico ou nome geográfico Literatura infanto-juvenil
942 ## - ELEMENTOS DE ENTRADA ADICIONADOS (KOHA)
Tipo de material Koha Livros
Holdings
Situação do descarte Situação das perdas Situação física Não pode ser emprestado Biblioteca de origem Biblioteca atual Data de aquisição Total de empréstimos Número de chamada completo Código de barras Data de último acesso Data do preço efetivo Tipo de material Koha
        Colégio Anchieta - Bela Vista Colégio Anchieta - Bela Vista 21/11/2023   028.5 M149g MAC GEN 1303/BEL 21/11/2023 21/11/2023 Livros
        Colégio Anchieta - Bela Vista Colégio Anchieta - Bela Vista 21/11/2023   028.5 M149g MAC GEN 1304/BEL 21/11/2023 21/11/2023 Livros
        Colégio Anchieta - Bela Vista Colégio Anchieta - Bela Vista 21/11/2023   028.5 M149g MAC GEN 1305/BEL 21/11/2023 21/11/2023 Livros
        Colégio Anchieta - Bela Vista Colégio Anchieta - Bela Vista 21/11/2023   028.5 M149g MAC GEN 1306/BEL 21/11/2023 21/11/2023 Livros
        Colégio Anchieta - Bela Vista Colégio Anchieta - Bela Vista 21/11/2023   028.5 M149g MAC GEN 4362/BEL 21/11/2023 21/11/2023 Livros